000 00625cam a2200205 i 4500
005 20260211113854.0
008 250721s2006 jo gr 000 0 eng d
082 1 4 _a428.24
_bN A J
100 1 _aAl - Najjar, Salah
_eAuthor.
245 1 2 _aA Handbook for Understanding Arabic And English Literary and Linguistic Terms /
_csalah N.al-najjar.
264 3 1 _aamman :
_bdar al-alamiah,
_c2006.
300 _a62 Page.
650 1 7 _aENGLISH LANGUAGE.
650 1 7 _aBOOKS.
650 1 7 _aLEARNING.
650 1 7 _aLITERATURE.
650 1 7 _aARABIC LANGUAGE.
942 _2ddc
_cREF
999 _c106144
_d106144